India decides: elections 1952-1989 (Record no. 342909)

000 -LEADER
fixed length control field 00337cam a22001217a 4500
008 - FIXED-LENGTH DATA ELEMENTS--GENERAL INFORMATION
fixed length control field 180718b1989 xxu||||| |||| 00| 0 eng d
082 ## - DEWEY DECIMAL CLASSIFICATION NUMBER
Classification number F8x54 B976
245 ## - TITLE STATEMENT
Title India decides: elections 1952-1989
Statement of responsibility, etc. by D. Butler... [et. al.]
260 ## - PUBLICATION, DISTRIBUTION, ETC.
Place of publication, distribution, etc. Delhi
Name of publisher, distributor, etc. L.M. Books
Date of publication, distribution, etc. 1989
300 ## - PHYSICAL DESCRIPTION
Extent 372p.
650 ## - SUBJECT ADDED ENTRY--TOPICAL TERM
Topical term or geographic name entry element Elections - India
700 ## - ADDED ENTRY--PERSONAL NAME
Personal name Butler, D.
Holdings
Withdrawn status Lost status Damaged status Not for loan Permanent Location Current Location Date acquired Full call number Barcode Date last seen Price effective from Koha item type
        Indian Institute of Public Administration Indian Institute of Public Administration 1993-09-27 F8x54 B976 65068 2018-07-21 2018-07-21 Book

Powered by Koha